| 000 | 00790nam a2200181 a 4500 | ||
|---|---|---|---|
| 001 | 000041027 | ||
| 005 | 20201002034548.0 | ||
| 008 | 130913s2004 sp 000 0 spa d | ||
| 040 |
_aDO-SdBNP _bspa _cBNPHU |
||
| 100 | 1 |
_aPrieto González, José Manuel _967502 |
|
| 245 | 1 | 0 |
_aAprendiendo a ser arquitectos : _bcreacción y desarrollo de la escuela de arquitectura de Madrid (1844-1914) / _cJosé Manuel, Prieto González. |
| 260 |
_aMadrid : _bConsejo Superior de Investigaciones Científicas, _c2004. |
||
| 300 |
_a555 p. ; _c29 cm. |
||
| 490 | 1 |
_aBiblioteca de historia del arte _v8 |
|
| 504 | _aIncluye referencias bibliográficas y notas al pie de las páginas | ||
| 710 | 2 |
_aConsejo Superior de Investigaciones Científicas, _94786 |
|
| 830 | 0 |
_aBiblioteca de historia del arte _n8 _967503 |
|
| 999 |
_c40517 _d40517 |
||